000 00659cab a2200217 4500
001 WB3115-18
008 090401t1995 xxu||||| |||| 00| 0 eng d
035 _a(Sirsi) u51838
041 _aeng
245 _aInsurance fears
260 _c1995
350 _a0
490 _aProperty Week
_v51(2) 13 April 1995, 10(1)
520 _aThe proposed listing of 40 post-war buildings by English Heritage will cause insurance costs to rise dramatically according to property lawyer Paul Kinsella.
650 _aENGLISH HERITAGE
650 _aLISTED BUILDINGS
650 _aPOST-WAR BUILDINGS
690 _aCONSERVATION
942 _n0
948 _c04/03/1997
999 _c32164
_d32164